000 02197cam a22004934i 4500
003 PE-LiUPU
005 20250731172716.0
008 150617s1979 sp r 000 0 spa d
020 _a8471512564
035 _a(Sirsi) i9788471512567
040 _aPE-LiUPU
_bspa
_cPE-LiUPU
_erda
049 _aPRUA
082 0 4 _a233
_bB14
_221
100 1 _aBada Panillo, José,
_eautor.
245 1 3 _aEl hombre /
_cJosé Bada Panillo.
264 1 _aEstella (Navarra) :
_bEditorial Verbo Divino,
_c1979.
300 _a273 páginas ;
_c24 centímetros.
336 _atext
_2rdacontent
337 _aunmediated
_2rdamedia
338 _avolume
_2rdacarrier
490 0 _aPara una enseñanza critica de la religión ;
_v3
505 0 _ala pregunta que no cesa -- ¿Qué es el hombre? La especie humana: El origen del hombre -- La conducta humana -- Cómo es el hombre. La vida humana: La existencia -- Los existenciales -- El sentido de la vida -- La gran aventura -- Quién es el hombre. La persona humana: La persona -- El hombre sellama "nosotros" -- ¿Qué se dice del hombre?: Las ideologías -- La religión -- Adán: El origen del hombre segun la biblia -- El paraiso perdido -- El nuevo Adán -- La existencia cristiana: Que podemos creer -- Qué nos cabe esperar -- Qué debemos hacer -- Desviaciones del catolicismo empírico -- Tu eres el hombre.
526 _aSEG42
526 _aSEG41
526 _aSEG40
526 _aSEG39
526 _aP94
526 _aP87
526 _aP86
526 _aP85
526 _aP77
526 _aP76
526 _aP35
650 0 4 _aAntropología teológica.
700 1 _aBetes Palomo, Luis
700 1 _aRuiz Diaz, Alberto.
910 _ajck
_bjvq
_cjck
_d20150616
942 _2ddc
_cBOOK
949 _a233 B14
_wDEWEY
_c1
_i22492
_d2016-6-12
_e2016-6-8
_lCCODEBUL1
_mBUL
_n1
_r0
_sY
_tBOOK
_u2015-6-17
_xTEOLOGIA
_PP35
_0COMPRA
_o.STAFF. Colección Teología
994 _aC0
_bPEPRU
596 _a1
999 _a233 B14
_wDEWEY
_c864
_i22492
_d864
_e2018-5-20
_f2021-11-11
_g5
_lCCODEBUL1
_mBUL
_n3
_p28.00
_q2
_r0
_sY
_tBOOK
_u2015-6-17
_xTEOLOGIA
_PP35
_0COMPRA
_o.STAFF. Colección Teología
980 _81
_gALBERTO SANCHEZ Responsable de Automatización